<?xml version="1.0" encoding="UTF-8"?>
<collection xmlns="http://www.loc.gov/MARC21/slim">
<record>
  <controlfield tag="001">111722</controlfield>
  <controlfield tag="005">20220329090257.0</controlfield>
  <datafield tag="037" ind1=" " ind2=" ">
    <subfield code="a">TAZ-TFG-2022-385</subfield>
  </datafield>
  <datafield tag="041" ind1=" " ind2=" ">
    <subfield code="a">spa</subfield>
  </datafield>
  <datafield tag="100" ind1="1" ind2=" ">
    <subfield code="a">Ochoa Aznárez, Yago</subfield>
  </datafield>
  <datafield tag="242" ind1="0" ind2="0">
    <subfield code="a">Study of the role of PGPR bacteria in the development of the truffle</subfield>
  </datafield>
  <datafield tag="245" ind1="0" ind2="0">
    <subfield code="a">Estudio de la función de las bacterias PGPR en el desarrollo de la trufa</subfield>
  </datafield>
  <datafield tag="260" ind1=" " ind2=" ">
    <subfield code="a">Zaragoza</subfield>
    <subfield code="b">Universidad de Zaragoza</subfield>
    <subfield code="c">2022</subfield>
  </datafield>
  <datafield tag="506" ind1=" " ind2=" ">
    <subfield code="a">by-nc-sa</subfield>
    <subfield code="b">Creative Commons</subfield>
    <subfield code="c">3.0</subfield>
    <subfield code="u">http://creativecommons.org/licenses/by-nc-sa/3.0/</subfield>
  </datafield>
  <datafield tag="520" ind1=" " ind2=" ">
    <subfield code="a">La agricultura moderna, basada en sistemas de explotación intensivos y el abuso de sustancias&lt;br />químicas, genera graves daños medioambientales. Para revertir esta situación, es necesario implantar&lt;br />modelos de agricultura sostenible, empleando técnicas respetuosas con los ecosistemas. Una&lt;br />herramienta alternativa al uso de agroquímicos son los biofertilizantes, microorganismos que aportan&lt;br />distintos beneficios a los cultivos, como aumentar la biodisponibilidad de nutrientes en el suelo,&lt;br />promover el crecimiento vegetal o el biocontrol de patógenos.&lt;br />En este estudio se seleccionaron cepas bacterianas aisladas del interior de trufas de la especie Tuber&lt;br />melanosporum susceptibles de tener propiedades de promoción del crecimiento vegetal mediante&lt;br />comparación con bibliografía existente, para posteriormente realizar un análisis in vitro de estas&lt;br />cualidades. La actividad promotora del crecimiento vegetal de las distintas cepas seleccionadas se&lt;br />evaluó mediante cuatro técnicas: la determinación de fijación de nitrógeno, solubilización de fosfatos,&lt;br />síntesis de auxinas y producción de sideróforos.&lt;br />De las 27 cepas bacterianas estudiadas, tan sólo tres de ellas, pertenecientes a las especies Variovorax&lt;br />soli, Acinetobacter rudis y Rhizobium pusense, presentaron actividad multifuncional dado que&lt;br />reunieron más de una característica o capacidad promotora del crecimiento vegetal, aunque ninguna&lt;br />de ellas juntó las cuatro capacidades investigadas. Para establecer su uso potencial como&lt;br />biofertilizantes, serían necesarias pruebas posteriores para definir la formulación de los&lt;br />bioinoculantes, la capacidad de producción de biomasa o estudios in vivo de dichas capacidades en&lt;br />fase de vivero y en fase de campo.&lt;br />&lt;br /></subfield>
  </datafield>
  <datafield tag="521" ind1=" " ind2=" ">
    <subfield code="a">Graduado en Ciencia y Tecnología de los Alimentos</subfield>
  </datafield>
  <datafield tag="540" ind1=" " ind2=" ">
    <subfield code="a">Derechos regulados por licencia Creative Commons</subfield>
  </datafield>
  <datafield tag="700" ind1=" " ind2=" ">
    <subfield code="a">Marco Montori, Pedro</subfield>
    <subfield code="e">dir.</subfield>
  </datafield>
  <datafield tag="700" ind1=" " ind2=" ">
    <subfield code="a">Blanco Parmo, Domingo</subfield>
    <subfield code="e">dir.</subfield>
  </datafield>
  <datafield tag="700" ind1=" " ind2=" ">
    <subfield code="a">Tejedor Calvo, Eva</subfield>
    <subfield code="e">dir.</subfield>
  </datafield>
  <datafield tag="710" ind1="2" ind2=" ">
    <subfield code="a">Universidad de Zaragoza</subfield>
    <subfield code="b">Producción Animal y Ciencia de los Alimentos</subfield>
    <subfield code="c">Nutrición y Bromatología</subfield>
  </datafield>
  <datafield tag="856" ind1="0" ind2=" ">
    <subfield code="f">761820@unizar.es</subfield>
  </datafield>
  <datafield tag="856" ind1="4" ind2=" ">
    <subfield code="s">6456642</subfield>
    <subfield code="u">http://zaguan.unizar.es/record/111722/files/TAZ-TFG-2022-385.pdf</subfield>
    <subfield code="y">Memoria (spa)</subfield>
  </datafield>
  <datafield tag="909" ind1="C" ind2="O">
    <subfield code="o">oai:zaguan.unizar.es:111722</subfield>
    <subfield code="p">driver</subfield>
    <subfield code="p">trabajos-fin-grado</subfield>
  </datafield>
  <datafield tag="950" ind1=" " ind2=" ">
    <subfield code="a"></subfield>
  </datafield>
  <datafield tag="980" ind1=" " ind2=" ">
    <subfield code="a">TAZ</subfield>
    <subfield code="b">TFG</subfield>
    <subfield code="c">VET</subfield>
  </datafield>
  <datafield tag="999" ind1=" " ind2=" ">
    <subfield code="a">20220217113129.CREATION_DATE</subfield>
  </datafield>
  <datafield tag="951" ind1=" " ind2=" ">
    <subfield code="a">deposita:2022-03-29</subfield>
  </datafield>
</record>
</collection>